| 000 | 00836nam a22002417a 4500 | ||
|---|---|---|---|
| 003 | OSt | ||
| 005 | 20130628102715.0 | ||
| 008 | 130626b xxu||||| |||| 00| 0 eng d | ||
| 020 | _a9788484727798 | ||
| 040 | _cCDMR | ||
| 100 | 1 |
_93885 _aToll, Gill _d1963- |
|
| 245 | 1 | 0 |
_aHeraldo de Madrid _b: tinta catalana para la II República española _cGil Toll ; prólogo de Miguel Ángel Aguilar |
| 260 |
_aSevilla _bRenacimiento _c2013 |
||
| 300 | _a486 p. | ||
| 490 | 0 | _aBiblioteca Històrica (Renacimiento) | |
| 600 | 1 |
_93890 _aFontdevila, Manuel _d1887-1957 |
|
| 600 | 1 |
_93891 _aBusquets George, Manuel _d1872-1957 |
|
| 610 | 2 |
_93886 _aHeraldo de Madrid (Diari) _xHistòria |
|
| 650 | 0 | 4 |
_93729 _aPremsa _xHistòria _zEspanya _yS. XX |
| 650 | 0 | 4 |
_93305 _aRepublicanisme _zEspanya |
| 700 | 1 |
_9873 _aAguilar, Miguel Ángel _epr. |
|
| 942 |
_2udc _cMON |
||
| 999 |
_c6530 _d6530 |
||